000 00306nam a22001337a 4500
008 171020b xxu||||| |||| 00| 0 eng d
020 _a0314632859
041 _aeng
080 _22ND
_a338
100 _a54
101 _aMEN
245 _aMANAGING THE DATA RESOURCE FUNCTION
_cNOLAN,R.L
942 _2udc
_cBK
999 _c35186
_d35186